Culture Générale - Série 556 - Statistiques

Statistiques générales
  • Ce quiz a été pris 199 fois
  • Le résultat moyen est 8 sur 10
Statistiques - réponses
Question Réponse % Correct
De quel pays le gouda est-il originaire ? Pays-Bas
93%
Quel terme anglais désigne un courrier électronique non sollicité, de type publicitaire, qui encombre une boîte mail ? spam
93%
A partir de quelle céréale les corn flakes sont-ils produits ? maïs
89%
Dans quelle chaîne montagneuse la Garonne prend-elle sa source ? Pyrénées
85%
Complétez ce célèbre slogan : "Un verre ça va, trois verres, bonjour... les dégâts
84%
Quelle spécialité italienne est le plat préféré des Tortues Ninja ? pizzas
79%
Au cinéma, quelle sorte de jouet est Chucky dans une célèbre saga de films d'horreur ? poupée
75%
En voiture, quels feux appelle-t-on couramment les codes ? feux de croisement
71%
De quel pays Carlos Menem a-t-il été le président ? Argentine
61%
A la télévision, quelle comédienne française a été "une nounou pas comme les autres" ? Mimie Mathy
42%
Aucun quiz correspondant
Distribution des résultats
% des personnes avec chaque résultat
Percentile par nombre de réponses
Votre historique - résultats
Vous n’avez pas pris ce quiz